Personnages de la série Mario - Statistiques

Statistiques générales
  • Ce quiz a été pris 71 fois
  • Le résultat moyen est 33 sur 80
Statistiques - réponses
Indice Réponse % Correct
2 Frère de 1 Luigi
100%
1 Plombier rouge Mario
100%
3 Princesse du royaume Champignon Peach
94%
5 Serviteur de 3 Toad
94%
6 Dinosaure à la langue élastique Yoshi
93%
4 Tortue géante Bowser
91%
7 Rival de 1 Wario
91%
8 Rival de 2 Waluigi
87%
10 Gorille à la cravate Donkey Kong
85%
24 Ennemi à carapace Koopa
85%
13 Princesse galactique Harmonie
83%
9 Fils de 4 Bowser Jr
81%
12 Princesse de Sarasaland Daisy
81%
29 Fantôme timide Boo
80%
36 Champignon féminin Toadette
72%
23 Premier ennemi Goomba
69%
31 Roi de 29 Roi Boo
69%
14 Accolyte de 13 Luma
67%
37 Bombe Bob-omb
63%
35 Dinosaure rose Birdo
57%
28 Ennemi masqué Maskass
56%
11 Maire de New Donk City Pauline
56%
26 Poisson classique Cheep-cheep
54%
62 24 qui vit sur un nuage Lakitu
54%
38 Roi de 37 Roi Bob-omb
54%
57 Sorcière 24 Kamek
52%
58 Version squelletique de 24 Skelerex
52%
46 Casquette de 1 Cappy
50%
19 Koopalings de grande taille Iggy
46%
21 Koopalings déjanté Lemmy
46%
22 Koopalings intelligent Ludwig
46%
17 Koopalings brutal Morton
46%
30 Plante des tuyaux Plante piranha
46%
20 Koopalings à lunettes roses Roy
46%
18 Koopalings féminin Wendy
44%
33 Poulpe blanc Bloups
43%
59 Version squelletique de 4 Bowser Skelet
43%
34 24 équipé de marteau Frère marto
43%
16 Koopalings à la crête bleue Larry
43%
40 Taupe Topi Taupe
41%
70 Chenille fleurie Wiggler
41%
15 Explorateur champignon Captain Toad
39%
32 Grosse plante qui crache de la boue Flora Piranha
39%
61 Version papier de 1 Paper Mario
39%
50 Mur s'écrasant verticalement Thwomp
39%
25 24 qui peut voler Paratroopa
37%
39 Torpille Bill-ball
35%
49 Chien sphérique Chomp
33%
51 Mur se jetant en avant Whomp
31%
48 Tortue cracheuse de boules piquantes Spike
28%
55 Vieux champignon Papy Champi
26%
47 Soeur de 46 Tiara
26%
63 62 en lance Hériss
20%
60 Brigand avec un foulard Carottin
17%
72 Version mécanique de 24 Méchakoopa
17%
64 Version squelletique de 26 Ossec
17%
45 Footballeur américain Bill Dozer
15%
73 Cactus mouvant des neiges et déserts Pokey
15%
65 Sbire de 4 (masculin) Boum Boum
13%
52 Tortue sinistre Bruyinsecte
13%
56 Scientifique de 29 Professeur K. Tastrof
13%
43 28 qui tire des balles Snifit
13%
69 Chauve souris bleutée Swooper
13%
78 Combattant qui pousse avec son casque Voyou
11%
54 Tâche d'encre Fuzzy
9%
41 40 mécano Torti Taupe
9%
68 Coccinelle de toutes les couleurs Coccinelly
7%
66 Sbire de 4 (féminin) Pom Pom
7%
71 Statue Mohaï à lunettes de soleil Ma'tuvu
6%
74 Version miniature de 50 Thwimp
6%
79 Grenouille qui apparaît dans The Legend of Zelda Wart
6%
75 Plante blanche Nipper
4%
44 Poisson piquant Porc Kipic
4%
42 Plante noire Scrounch
4%
67 Abeille Butitine
2%
27 26 à tête chercheuse Deep-cheep
2%
53 52 équipé de pics Picots
2%
76 Version squelletique de 52 Scaraboss
2%
77 Anguille géante Unagi
2%
80 Aigle ennemi de 15 Wingo
2%
Aucun quiz correspondant
Distribution des résultats
% des personnes avec chaque résultat
Percentile par nombre de réponses
Votre historique - résultats
Vous n’avez pas pris ce quiz